| 000 | 00641nam a2200217 a 4500 | ||
|---|---|---|---|
| 005 | 20140310183427.0 | ||
| 008 | 071207s19uu xx 00 eng d | ||
| 020 | _a0132335700 | ||
| 050 |
_aQA 76.9.S88 _b.Ob26 2007 |
||
| 100 | _aGeorge, Joey F. | ||
| 245 |
_aObject-oriented systems analysis and design / _cJoey F. George. |
||
| 250 | _a2nd ed. | ||
| 260 |
_aNew Jersey : _bPearson Education Inc, _c2007. |
||
| 300 |
_a464 p. : _bill. ; _c28 cm. |
||
| 521 | _aIT | ||
| 650 | _aObject - oriented programming (Computer science). | ||
| 650 | _aSystem design. | ||
| 650 | _aSystem analysis. | ||
| 942 |
_cBK _2lcc _kFOR |
||
| 999 |
_c22669 _d22669 |
||